Parc a taula : edició 2013 edició 2013
Publicado:
Barcelona :
Diputació de Barcelona. Àrea de Sostenibilitat. Gerència de Serveis d'Espais Naturals ,
2013
Descripción Física:
1 tríptic : il. ; 21 cm
Materias:
Parcs naturals -- Activitats culturals
MARC
| LEADER | 00000nam a2200000Ia 4500 | ||
|---|---|---|---|
| 001 | 23900 | ||
| 008 | 160829s2013 xx 000 0 cat d | ||
| 017 | |a DL B.10575-2013 | ||
| 080 | |a FU-62-71 | ||
| 245 | |a Parc a taula : |b edició 2013 | ||
| 260 | |a Barcelona : |b Diputació de Barcelona. Àrea de Sostenibilitat. Gerència de Serveis d'Espais Naturals, |c 2013 | ||
| 300 | |a 1 tríptic : |b il. ; |c 21 cm | ||
| 650 | |a Parcs naturals |x Activitats culturals |9 50219 | ||
| 710 | 1 | |a Barcelona (Catalunya : Província). |b Xarxa de Parcs Naturals |9 7250 | |
| 710 | 1 | |a Barcelona (Catalunya : Província). |b Gerència de Serveis d’Espais Naturals |9 52730 | |
| 901 | |a Arxiu | ||
| 942 | |n 1 | ||
| 952 | |0 0 |1 0 |4 0 |6 FU6271 |7 1 |9 55864 |a Arxiu |b Arxiu |d 2016-12-01 |l 0 |o FU-62-71 |p 23900 |r 2016-12-01 00:00:00 |w 2016-12-01 |y ARXIU | ||
| 999 | |c 59737 |d 59737 | ||